| 000 | 01732nam0a2200361 4500 | ||
|---|---|---|---|
| 001 | RU\NLR\BIBL_A\022544115 | ||
| 005 | 20260420044615.0 | ||
| 010 |
_a978-5-6044903-4-1 _92000 |
||
| 021 |
_aRU _bКН-П-25-017548 _9КН-П-25-1784 |
||
| 035 | _a(NLR Aleph) 022544115 | ||
| 090 |
_a13672745 _c13672745 |
||
| 100 | _a20250519d2025 u y0rusy50 ca | ||
| 101 | 0 | _arus | |
| 102 | _aRU | ||
| 105 | _aac z 000yy | ||
| 181 | 0 |
_ai3 _baxxe |
|
| 181 | 0 |
_ab2 _bxb2e |
|
| 182 | 0 | _an | |
| 200 | 1 |
_aЗолото Калькутты _eистории из настольного тенниса и из жизни, рассказанные чемпионкой мира _fТатьяна Кутергина _g[УГМК] |
|
| 203 |
_aТекст _aИзображение _bвизуальные _cнепосредственные |
||
| 210 |
_aМосква _cПечатный дом Ильиных _d2025 |
||
| 215 |
_a253, [2] с., [24] л. ил., цв. ил., портр. _cил., портр. _d22 |
||
| 300 | _aНа 4-й с. обл. авт.: Т. Кутергина (Фердман) | ||
| 333 | _a12+ | ||
| 600 | 1 |
_aКутергина _bТ. М. _f1957 _gТатьяна Моисеевна _jВоспоминания, записки и т.п _92674706 _3RU\NLR\AUTH\6601759110 |
|
| 686 | 1 | _aЧ515.743(2Р)7-8Кутергина | |
| 700 | 1 |
_7ca _8rus _aКутергина _bТ. М. _f1957- _gТатьяна Михайловна _92674029 _3RU\NLR\AUTH\770283258 |
|
| 712 | 0 | 2 |
_4570 _aУральская горно-металлургическая компания _cВерхняя Пышма _9577343 _3RU\NLR\AUTH\8810039210 |
| 942 | _cBOOK | ||
| 980 | _aNB | ||